000 01388cam a2200337 i 4500
999 _c2226
_d2226
001 (Sirsi) a1023785
003 OSt
005 20230403095820.0
008 180221r20162011enka c 000 1 eng d
020 _a9780440869276
_q(paperback) :
040 _aUKMGB
_beng
_cUKMGB
_dAUMCS
_dOCLCO
_dOCLCQ
_dOCLCF
_dOCLCO
_dLTU
_dTAE
_dKH8
_erda
042 _anbic
043 _ae-uk---
082 0 _a823.914 WIL
100 1 _aWilson, Jacqueline,
_eauthor.
245 1 0 _aSapphire Battersea /
_cJacqueline Wilson ; illustrated by Nick Sharratt.
264 1 _aLondon :
_bCorgi Yearling,
_c2016.
264 4 _c©2011.
300 _a394, 18 pages :
_billustrations ;
_c20 cm.
336 _atext
_btxt
_2rdacontent.
337 _aunmediated
_bn
_2rdamedia.
338 _avolume
_bnc
_2rdacarrier.
490 0 _aA Hetty Feather adventure.
500 _aOriginally published: London: Doubleday, 2011.
520 _aThis is a fascinating, funny and moving Victorian-era novel featuring Hetty Feather. Hetty Feather is a Foundling Hospital girl and was given her name when she was left there as a baby by her mother. But she always longed to be called Sapphire, after her sapphire-blue eyes.
521 1 _aAges 9-12.
650 0 _aOrphans
_vJuvenile fiction.
651 0 _aGreat Britain
_xHistory
_yVictoria, 1837-1901
_vJuvenile fiction.
700 1 _aSharratt, Nick,
_eillustrator.
942 _2ddc
_cNFIC